000 00848nam a22002411u 4500
001 07088
003 HDC
007 cr bn ---
008 210126p2009 o d 00 engg
040 _aHDC
245 0 _aIMPLEMENTATION OF GOOD ANIMAL HUSBANDARY PRACTICES / by
_cDr. Hj. Muhmad. Kamarulzaman B. Hj.Md Sarif
260 _a[No Place] :
_b[publisher not identified],
_c2009
300 _a45 pages :
_billustrations
336 _atext
_2rdacontent
337 _acomputer
_2rdamedia
338 _aonline resource
_2rdacarrier
650 _afood production
_93722
650 _aMeat production
_97580
856 _zRequest full-text at [email protected]
942 _2lcc
942 _cSLIDE
942 _kSLID 000249
999 _c4412
_d4412